Statistiken für Münchner U-Bahnstationen, die von mehreren Linien angefahren werden

Klicken Sie hier um das Quiz zu spielen!

Allgemein

  • Dieses Quiz wurde 112 mal gespielt
  • Das Durchschnittsergebnis liegt bei 13 aus 22

Antwortstatistiken

LinienU-Bahnstation% Korrekt
U1, U2, U4, U5Hauptbahnhof
88%
U3, U4, U5, U6Odeonsplatz
88%
U3, U6Marienplatz
87%
U1, U2, U3, U6Sendlinger Tor
86%
U3, U6Münchner Freiheit
83%
U3, U6Universität
76%
U4, U5Karlsplatz (Stachus)
74%
U1, U3Olympiaeinkaufszentrum
66%
U3, U6Giselastraße
65%
U3, U6Goetheplatz
62%
U3, U6Implerstraße
57%
U3, U6Poccistraße
57%
U4, U5Theresienwiese
56%
U1, U2Kolumbusplatz
55%
U4, U5Max-Weber-Platz
55%
U2, U3Scheidplatz
55%
U4, U5Lehel
49%
U2, U5Innsbrucker Ring
43%
U1, U2Fraunhofer Straße
41%
U4, U5Schwanthalerhöhe
40%
U4, U5Westendstraße
36%
U4, U5Heimeranplatz
31%

Verteilung der Resultate

Perzentil nach korrekt beantworteten Fragen

Anzahl Personen mit jedem Resultat

Ihre Resultats-Entwicklung

Sie haben dieses Quiz noch nicht gespielt